La adopción (Record no. 135796)

MARC details
000 -LEADER
fixed length control field 00607cam a2200193 4500
005 - DATE AND TIME OF LATEST TRANSACTION
control field 20251006140455.0
008 - FIXED-LENGTH DATA ELEMENTS--GENERAL INFORMATION
fixed length control field 251006b ag |||||||| |||| 00| 0 spa d
020 ## - INTERNATIONAL STANDARD BOOK NUMBER
International Standard Book Number 9502009169
050 04 - LIBRARY OF CONGRESS CALL NUMBER
Classification number KHA521
Item number W55 1996
100 1# - MAIN ENTRY--PERSONAL NAME
Personal name Wilde, Zulema D.
245 #3 - TITLE STATEMENT
Title La adopción
Remainder of title : nacional e internacional
Statement of responsibility, etc / Zulema D. Wilde
250 ## - EDITION STATEMENT
Edition statement 1a ed.
260 ## - PUBLICATION, DISTRIBUTION, ETC. (IMPRINT)
Place of publication, distribution, etc Buenos Aires :
Name of publisher, distributor, etc Abeledo-Perrot,
Date of publication, distribution, etc 1996
300 ## - PHYSICAL DESCRIPTION
Extent 246 p. ;
Dimensions 18 cm.
504 ## - BIBLIOGRAPHY, ETC. NOTE
Bibliography, etc Bibliografía : p. 237-240
650 #7 - SUBJECT ADDED ENTRY--TOPICAL TERM
Source of heading or term lemb
Topical term or geographic name as entry element Adopción
General subdivision Legislación
Geographic subdivision Argentina
650 #7 - SUBJECT ADDED ENTRY--TOPICAL TERM
Source of heading or term lemb
Topical term or geographic name as entry element Adopción internacional
General subdivision Legislación
942 ## - ADDED ENTRY ELEMENTS (KOHA)
Source of classification or shelving scheme Biblioteca del Cogreso de los Estados Unidos
Koha item type Libro
Holdings
Estado de pérdida Fuente de clasificación Estado del daño No para préstamo Ubicación permanente Ubicación actual Apartado o colección Fecha de adquisición Edición Área del conocimiento Clasificación Código de Barras Date last seen Número de copia Costo por reposición Tipo de recurso
  Biblioteca del Cogreso de los Estados Unidos     Biblioteca de la Facultad de Derecho y Ciencias Sociales "Felipe J. Tena" Biblioteca de la Facultad de Derecho y Ciencias Sociales "Felipe J. Tena" General 12/02/2020 1a ed. Ciencias Sociales y Administrativas KHA521 W55 1996 BFD000012184 12/02/2020 1 1.00 Libro